000 00297nam a2200109Ia 4500
008 220204s9999 xx 000 0 und d
082 _a547.454
_bMET.3
245 0 _aMethods in carbohydrate chemistry. V 3. Cellulose
260 _aNew York
_bAcademic
_c1963
700 _aWhistler, Roy L
942 _cBK
999 _c25868
_d25868